AN EVALUATION OF THE EFFECTS OF THE EMPLOYEES PARTICIPATION IN DECISION MAKING PROCESS IN PUBLIC ENTITIES: A CASE OF KISII COUNTY ASSEMBLY . (Record no. 217014)

MARC details
000 -LEADER
fixed length control field 00503nam a22001457a 4500
008 - FIXED-LENGTH DATA ELEMENTS--GENERAL INFORMATION
fixed length control field 260420b |||||||| |||| 00| 0 eng d
050 ## - LIBRARY OF CONGRESS CALL NUMBER
Classification number RES HD 5660 .K46 088 O88 2017
Item number C. 1
100 ## - MAIN ENTRY--PERSONAL NAME
Personal name OSUMBA, VIOLET AWUOR
245 ## - TITLE STATEMENT
Title AN EVALUATION OF THE EFFECTS OF THE EMPLOYEES PARTICIPATION IN DECISION MAKING PROCESS IN PUBLIC ENTITIES: A CASE OF KISII COUNTY ASSEMBLY .
260 ## - PUBLICATION, DISTRIBUTION, ETC.
Place of publication, distribution, etc. KISII
Name of publisher, distributor, etc. KSU
Date of publication, distribution, etc. 2017
300 ## - PHYSICAL DESCRIPTION
Extent iX,38P.
500 ## - GENERAL NOTE
General note INCLUDES REFERENCES
942 ## - ADDED ENTRY ELEMENTS (KOHA)
Source of classification or shelving scheme Library of Congress Classification
Koha item type Reference

No items available.